000 01170nam a22002777a 4500
003 OSt
005 20250410103229.0
008 240912b ||||| |||| 00| 0 eng d
040 _c0
082 _aDPer 621.317 Ie21 December 2022 v.37 n. 12 part 1&2.
100 _aZheng, Boyuan.
_eauthor.
_960870
245 _aAnalysis and fault-tolerant control for dual-three-phase pmsm based on virtual healthy model /
_cBoyuan Zheng, Jibin Zou, Bingjun Li, Mi Tang, Yongxiang Xu, and Pericle Zanchetta.
260 _aNew York ;
_bThe Institute of Electrical and Electronics Engineers, Inc.,
_cDecember 2022.
300 _avolume 37, pages 15411-15441,
_b illustration.
500 _aIEEE Transactions on Power Electronics, v. 37 n. 12, pages 15411-15441, December 2022.
650 0 _aCopper loss.
_966277
650 0 _amodeling.
_966278
650 0 _avoltage constraint.
_966279
700 _aZheng, Boyuan.
_eauthor.
_960870
700 _aZou, Jibin.
_eauthor.
_960871
700 _aLi, Bingjun.
_eauthor.
_960872
700 _aTang, Mi.
_eauthor.
_960873
700 _aXu, Yongxiang.
_eauthor.
_960874
700 _aZanchetta, Pericle.
_eauthor.
_960875
942 _2ddc
_cPER
999 _c21566
_d21566